00841nam a2200193Ia 4500003000900000008004100009020001800050040001600068080001700084110005600101245016700157260008000324300001000404650003700414650004000451942000700491999001700498952013200515IN-BaIIA211028s9999 xx 000 0 eng d a92-95003-29-2 cIIA Library a52(082)bICT aInternational Centre for Theoretical Physics912245 0aOne hundred reasons to be a scientistb40th anniversary, 1964-2004cInternational Centre for Theoretical Physics  aTriestebThe Abdus Salam International Center for Theoretical Physicsc2004 a263p. aAstronomy and astrophysics92815 aScientists -Collective Works929777 cBK c16097d16097 00104070aBANbBANcGENd2006-02-03eSWB g250.00l0o52(082)/ ICTp17019r2021-11-05v250.00w2006-02-03yBKGRs. 250.00